| 000 | 00758nam a2200229Ia 4500 | ||
|---|---|---|---|
| 008 | 191130s2003##################000#0#eng## | ||
| 020 | _a306479087 | ||
| 022 | _a2003060286 | ||
| 040 |
_aACL _cACL |
||
| 082 | _a614.15 WAL | ||
| 100 | _aWalker, Lenore E | ||
| 245 |
_aIntroduction to forensic psychology : clinical and social psychological perspectives _cLenore E.A. Walker and David L. Shapiro |
||
| 260 |
_aNew York _bKluwer Academic/Plenum _c2003 |
||
| 300 | _aix, 430 p. ; 23 cm | ||
| 500 | _aIncludes bibliographical references and index | ||
| 650 | _aForensic psychology | ||
| 650 | _aForensic psychology - Social aspects | ||
| 700 | _aShapiro, David L | ||
| 990 | _afcb7b023ac10000c51ca39c5abe0fa8b | ||
| 991 | _a42101 | ||
| 999 |
_c219490 _d219490 |
||